000 00346nam a22001457a 4500
003 OSt
005 20160727222418.0
008 160625b xxu||||| |||| 00| 0 eng d
040 _cTEST
100 _91195
_aSouvenir Guide
245 _aThe British Museum
260 _aCANADA
_bBRITISH MESEUM
_c2003
300 _aThe British Museum
942 _2ddc
_cBK
999 _c972
_d972